[Event "ICS rated blitz match"]
[Site "207.99.83.229"]
[Date "1999.07.25"]
[Round "?"]
[White "Hossa"]
[Black "croman"]
[Result "0-1"]
[WhiteElo "2439"]
[BlackElo "2221"]
[PlyCount "126"]
[EventDate "1999.??.??"]

1. d4 Nf6 2. c4 g6 3. Nc3 Bg7 4. e4 O-O 5. Be3 d6 6. Qd2 a6 7. Bh6 c5 8. Bxg7
Kxg7 9. d5 e5 10. dxe6 Bxe6 11. O-O-O Nc6 12. Qxd6 Qa5 13. Qf4 b5 14. cxb5 axb5
15. Bxb5 Nd4 16. a4 Bb3 17. Rd2 Nxb5 18. Nge2 Nxc3 19. Nxc3 Bxa4 20. e5 Nh5 21.
Qxa4 Qxa4 22. Nxa4 Rxa4 23. Rhd1 Ra1+ 24. Kc2 Rxd1 25. Rxd1 Nf4 26. g3 Ne6 27.
f4 Rb8 28. Rd6 h5 29. Kc3 h4 30. Rd3 Rd8 31. Rd6 h3 32. Kc4 Rb8 33. Rd2 Rb4+
34. Kc3 Nd4 35. Rf2 Nb5+ 36. Kd3 Nd4 37. Kc3 Ne6 38. Rd2 Rd4 39. Rxd4 cxd4+ 40.
Kc4 Kf8 41. g4 Ke7 42. b4 Nxf4 43. Kxd4 Ke6 44. b5 Nd5 45. Kc5 Nc3 46. b6 Na4+
47. Kb5 Nxb6 48. Kxb6 Kxe5 49. g5 Kf4 50. Kc7 Kxg5 51. Kc6 f5 52. Kd5 Kf4 53.
Kc6 Ke3 54. Kb5 f4 55. Kb4 f3 56. Kb5 f2 57. Ka5 f1=Q 58. Ka4 Qb1 59. Ka5 Kd4
60. Ka4 Kc5 61. Ka5 Kc6 62. Ka4 Kc5 63. Ka5 63... Qb5# {Hossa checkmated} 0-1

[Event "ICS rated blitz match"]
[Site "207.99.83.229"]
[Date "1999.07.25"]
[Round "?"]
[White "croman"]
[Black "Hossa"]
[Result "0-1"]
[WhiteElo "2246"]
[BlackElo "2421"]
[PlyCount "36"]
[EventDate "1999.??.??"]

1. e4 Nf6 2. e5 Nd5 3. d4 d6 4. Nf3 Bg4 5. h3 Bh5 6. Be2 e6 7. O-O Be7 8. c4
Nb6 9. Nc3 dxe5 10. Nxe5 Bxe2 11. Qxe2 Qxd4 12. Rd1 Qc5 13. Nb5 Bd6 14. Bf4 O-O
15. Rac1 a6 16. Nd4 N8d7 17. Nb3 Qb4 18. c5 18... Qxf4 {croman resigns} 0-1

[Event "ICS rated blitz match"]
[Site "207.99.83.229"]
[Date "1999.07.25"]
[Round "?"]
[White "Hossa"]
[Black "croman"]
[Result "0-1"]
[WhiteElo "2436"]
[BlackElo "2238"]
[PlyCount "122"]
[EventDate "1999.??.??"]

1. d4 Nf6 2. c4 g6 3. Nc3 Bg7 4. e4 O-O 5. Be3 d6 6. Qd2 a6 7. Bh6 c5 8. Bxg7
Kxg7 9. d5 e5 10. dxe6 Bxe6 11. O-O-O Nc6 12. Qxd6 Qa5 13. Qf4 b5 14. cxb5 axb5
15. Bxb5 Nd4 16. a4 Bb3 17. Rd2 Nxb5 18. Nge2 Nxc3 19. Nxc3 Bxa4 20. e5 Nh5 21.
Qxa4 Qxa4 22. Nxa4 Rxa4 23. Rhd1 Ra1+ 24. Kc2 Rxd1 25. Rxd1 Nf4 26. g3 Ne6 27.
f4 h5 28. Rd6 Rd8 29. Kc3 Rxd6 30. exd6 Kf8 31. b4 cxb4+ 32. Kxb4 Ke8 33. f5
gxf5 34. Kc4 Kd7 35. Kd5 f6 36. h4 Nd8 37. Kc5 Nb7+ 38. Kd4 Nxd6 39. Ke3 Ke6
40. Kf3 Ke5 41. Ke3 Ne4 42. Kf3 Nc5 43. Ke3 Ne6 44. Ke2 f4 45. Kf2 fxg3+ 46.
Kxg3 Ke4 47. Kf2 f5 48. Ke2 f4 49. Kf1 f3 50. Kg1 Nf4 51. Kf1 Ke3 52. Ke1 Ne2
53. Kd1 f2 54. Kc2 f1=Q 55. Kb3 Qc1 56. Kb4 Qc6 57. Kb3 Qc5 58. Ka2 Qb4 59. Ka1
Kd2 60. Ka2 Kc2 61. Ka1 61... Qa5# {Hossa checkmated} 0-1

[Event "ICS rated blitz match"]
[Site "207.99.83.229"]
[Date "1999.07.25"]
[Round "?"]
[White "flaoli"]
[Black "Hossa"]
[Result "1/2-1/2"]
[WhiteElo "2034"]
[BlackElo "2442"]
[PlyCount "60"]
[EventDate "1999.??.??"]

1. e4 Nf6 2. e5 Nd5 3. d4 d6 4. c4 Nb6 5. f4 dxe5 6. fxe5 Bf5 7. Be3 Nc6 8. Nc3
e6 9. Be2 Bb4 10. Nf3 Na5 11. c5 Nd5 12. Bd2 Nc6 13. a3 Bxc3 14. bxc3 O-O 15.
O-O Be4 16. Ng5 Nxc3 17. Bxc3 Qxg5 18. Rf2 Bxg2 19. Rxg2 Qe3+ 20. Kh1 Qxc3 21.
Bd3 Qxd4 22. Bxh7+ Kxh7 23. Qh5+ Kg8 24. Rxg7+ Kxg7 25. Qg5+ Kh8 26. Qh6+ Kg8
27. Qg5+ Kh7 28. Qh5+ Kg8 29. Qg5+ Kh7 30. Qh5+ 30... Kg8 {
Game drawn by mutual agreement} 1/2-1/2

[Event "ICS Rated blitz match"]
[Site "207.99.83.229"]
[Date "1999.07.25"]
[Round "?"]
[White "Hossa"]
[Black "TDChess"]
[Result "0-1"]
[WhiteElo "2402"]
[BlackElo "2516"]
[PlyCount "110"]
[EventDate "1999.??.??"]

1. d4 e6 2. e4 d5 3. exd5 exd5 4. c4 Nc6 5. Be3 Bb4+ 6. Nc3 Nf6 7. a3 Bxc3+ 8.
bxc3 O-O 9. Bd3 dxc4 10. Bxc4 Nd5 11. Bd2 Nb6 12. Be2 Qe7 13. Nf3 Re8 14. Rg1
Bg4 15. Kf1 Qe4 16. h3 Bf5 17. Ng5 Qc2 18. Qxc2 Bxc2 19. Re1 Na5 20. Bc1 Nb3
21. Nf3 Na4 22. c4 Rxe2 23. Rxe2 Bd3 24. Ke1 Nxc1 25. Re7 Bxc4 26. Ne5 Bd5 27.
Rxc7 Nb3 28. f4 Nxd4 29. Rc1 Ne6 30. g3 Nec5 31. Rd1 Nc3 32. Rc1 N5e4 33. g4 g5
34. fxg5 Re8 35. Nd3 Nxg5+ 36. Kd2 Ne2 37. Rge1 Nf3+ 38. Kc2 f5 39. Kb2 Nxe1
40. Rxe1 Bc4 41. Nc5 f4 42. h4 f3 43. g5 Re5 44. Nd7 f2 45. Rf1 Rb5+ 46. Ka1
Nc3 47. Nf6+ Kf7 48. g6+ hxg6 49. Ne4 Bxf1 50. Nxc3 Bh3 51. Nxb5 f1=Q+ 52. Ka2
Qxb5 53. h5 Be6+ 54. Ka1 Bf5 55. Ka2 55... Qb1# {Hossa checkmated} 0-1

[Event "ICS rated blitz match"]
[Site "207.99.83.229"]
[Date "1999.07.26"]
[Round "?"]
[White "occam"]
[Black "Hossa"]
[Result "0-1"]
[WhiteElo "2430"]
[BlackElo "2379"]
[PlyCount "40"]
[EventDate "1999.??.??"]

1. Nc3 Nf6 2. Nf3 d5 3. d4 e6 4. e3 Bd6 5. Bd2 O-O 6. Be2 c6 7. O-O Qc7 8. a3
Nbd7 9. a4 e5 10. dxe5 Nxe5 11. Nxe5 Bxe5 12. g3 Bh3 13. Re1 Rae8 14. a5 Bxc3
15. bxc3 Ne4 16. a6 b6 17. c4 Qe5 18. cxd5 Qf5 19. dxc6 Qxf2+ 20. Kh1 20...
Bg2# {occam checkmated} 0-1

[Event "ICS rated blitz match"]
[Site "207.99.83.229"]
[Date "1999.07.26"]
[Round "?"]
[White "Hossa"]
[Black "occam"]
[Result "1-0"]
[WhiteElo "2397"]
[BlackElo "2412"]
[PlyCount "135"]
[EventDate "1999.??.??"]

1. d4 Nf6 2. c4 e6 3. Nc3 Bb4 4. Bg5 Nc6 5. e4 h6 6. Bxf6 Qxf6 7. e5 Qf5 8. Bd3
Qf4 9. a3 Bxc3+ 10. bxc3 d6 11. g3 Qg5 12. f4 Qd8 13. Rb1 O-O 14. Qh5 dxe5 15.
fxe5 f6 16. Be4 fxe5 17. Bxc6 exd4 18. Be4 dxc3 19. Nf3 Qf6 20. O-O c6 21. Rbc1
Bd7 22. Ne5 Qe7 23. Qg6 Rf5 24. Bxf5 exf5 25. Nxd7 Qxd7 26. Kh1 Rf8 27. Rxc3
Rf6 28. Qh5 Qd4 29. Qe8+ Kh7 30. Qe3 Qb6 31. Qe5 Qb2 32. Re3 Qc2 33. Qf4 Rf7
34. Re5 g5 35. Qd4 b6 36. Re8 Rg7 37. Qf6 f4 38. Qxc6 Qd3 39. Qe4+ Qxe4+ 40.
Rxe4 fxg3 41. hxg3 Rd7 42. a4 Kg8 43. Rfe1 Kf7 44. g4 Rc7 45. Kg2 Rd7 46. Re5
Kf8 47. Re6 Rc7 48. R1e4 Rd7 49. Rxh6 Rd2+ 50. Kf3 Ra2 51. Rf6+ Kg7 52. Rf5
Ra3+ 53. Re3 Rxe3+ 54. Kxe3 Kg6 55. a5 Kg7 56. axb6 axb6 57. Rxg5+ Kf7 58. Rb5
Kf6 59. c5 bxc5 60. Rxc5 Ke6 61. g5 Kf7 62. Re5 Kg8 63. Kf4 Kf8 64. g6 Kg8 65.
Kf5 Kg7 66. Re8 Kh6 67. Rg8 Kh5 68. Rh8# {occam checkmated} 1-0

[Event "ICS rated blitz match"]
[Site "207.99.83.229"]
[Date "1999.07.26"]
[Round "?"]
[White "Hossa"]
[Black "occam"]
[Result "1-0"]
[WhiteElo "2414"]
[BlackElo "2397"]
[PlyCount "82"]
[EventDate "1999.??.??"]

1. d4 Nf6 2. c4 e6 3. Nc3 Bb4 4. Bg5 Nc6 5. e4 h6 6. Bxf6 Qxf6 7. e5 Qf5 8. Bd3
Qf4 9. a3 Bxc3+ 10. bxc3 d6 11. g3 Qg5 12. f4 Qd8 13. Rb1 O-O 14. Qh5 dxe5 15.
fxe5 f6 16. Be4 fxe5 17. Bxc6 exd4 18. Be4 dxc3 19. Nf3 Qf6 20. O-O c6 21. Rbc1
Bd7 22. Ne5 Qe7 23. Qg6 Rf5 24. Bxf5 exf5 25. Nxd7 Qxd7 26. Kh1 Rf8 27. Rxc3
Rf6 28. Qh5 Qd4 29. Qe8+ Kh7 30. Qe3 Qb6 31. Qe5 Qb2 32. Re3 Qc2 33. Qf4 Rf7
34. Re5 g5 35. Qd4 b6 36. Re8 Rg7 37. Qd8 Kg6 38. Re6+ Kh7 39. Qf6 Kg8 40. Qxf5
Qxf5 41. Rxf5 41... c5 {occam resigns} 1-0

[Event "ICS rated blitz match"]
[Site "207.99.83.229"]
[Date "1999.07.26"]
[Round "?"]
[White "occam"]
[Black "Hossa"]
[Result "0-1"]
[WhiteElo "2382"]
[BlackElo "2429"]
[PlyCount "50"]
[EventDate "1999.??.??"]

1. e4 Nf6 2. e5 Nd5 3. d4 d6 4. Nf3 Bg4 5. h3 Bh5 6. c4 Nb6 7. Nbd2 dxe5 8.
dxe5 Nc6 9. g4 Bg6 10. b3 Nb4 11. c5 Nc2+ 12. Qxc2 Bxc2 13. cxb6 axb6 14. Bb2
Qd7 15. Rc1 Bg6 16. a4 h5 17. g5 O-O-O 18. Rc4 e6 19. Rd4 Qe7 20. Bg2 Bd3 21.
Bf1 Rxd4 22. Bxd4 Qa3 23. Kd1 Bg6 24. Be3 Bb4 25. Bd4 25... Rd8 {occam resigns}
0-1

[Event "ICS rated blitz match"]
[Site "207.99.83.229"]
[Date "1999.07.26"]
[Round "?"]
[White "Hossa"]
[Black "occam"]
[Result "1-0"]
[WhiteElo "2443"]
[BlackElo "2368"]
[PlyCount "137"]
[EventDate "1999.??.??"]

1. d4 d5 2. c4 c6 3. Nc3 dxc4 4. e3 Be6 5. Nf3 b5 6. Be2 Nf6 7. O-O Nbd7 8. Ng5
Bf5 9. Bf3 b4 10. Na4 h6 11. e4 Bg6 12. e5 hxg5 13. exf6 Qc7 14. h3 gxf6 15.
Be2 Nb6 16. Nxb6 axb6 17. Bxc4 Rd8 18. Be3 Bg7 19. Rc1 O-O 20. Qf3 Qd6 21. Be2
Rc8 22. Rc4 b5 23. Rc5 Qe6 24. Ra1 Be4 25. Qg3 Ra8 26. b3 Qd6 27. Qg4 Bd5 28.
Bf3 Be6 29. Qh5 Rfc8 30. Bd1 Ra6 31. Bc2 Rca8 32. Rc1 Bd7 33. Qh7+ Kf8 34. Bb1
Rb8 35. h4 Rba8 36. h5 f5 37. Bxg5 Rxa2 38. Re5 e6 39. Bxa2 Rxa2 40. Bh6 Bxh6
41. Qxh6+ Ke7 42. Qg5+ f6 43. Qg7+ Ke8 44. Qxf6 Qe7 45. Qxe7+ Kxe7 46. Rd1 Kf6
47. f4 Kg7 48. Re3 Kh6 49. Rh3 Be8 50. Kf1 Bf7 51. Rc1 Be8 52. Re1 Bf7 53. Rh4
Rd2 54. Rc1 Be8 55. Ra1 Rxd4 56. Ra8 Bd7 57. Rh8+ Kg7 58. Rd8 c5 59. h6+ Kh7
60. Rf8 Rd1+ 61. Ke2 Rb1 62. Rf7+ Kh8 63. h7 Rb2+ 64. Kd1 Rb1+ 65. Kc2 Rc1+ 66.
Kxc1 e5 67. Rf8+ Kg7 68. h8=Q+ Kg6 69. Qh7# {occam checkmated} 1-0

[Event "ICS rated blitz match"]
[Site "207.99.83.229"]
[Date "1999.07.26"]
[Round "?"]
[White "occam"]
[Black "Hossa"]
[Result "0-1"]
[WhiteElo "2355"]
[BlackElo "2456"]
[PlyCount "43"]
[EventDate "1999.??.??"]

1. e4 Nf6 2. e5 Nd5 3. c4 Nb6 4. c5 Nd5 5. d4 b6 6. Qf3 c6 7. Nc3 e6 8. cxb6
axb6 9. Nxd5 exd5 10. Qf4 Bb4+ 11. Bd2 Bxd2+ 12. Qxd2 f6 13. f4 fxe5 14. dxe5
O-O 15. Nf3 Ra4 16. g3 d6 17. Be2 dxe5 18. fxe5 Re4 19. O-O Bg4 20. Bd3 Bxf3
21. Rxf3 Rxe5 22. Rxf8+ {occam resigns} 0-1

[Event "ICS rated blitz match"]
[Site "207.99.83.229"]
[Date "1999.07.26"]
[Round "?"]
[White "Hossa"]
[Black "occam"]
[Result "1-0"]
[WhiteElo "2467"]
[BlackElo "2344"]
[PlyCount "103"]
[EventDate "1999.??.??"]

1. d4 Nf6 2. c4 e6 3. Nc3 Bb4 4. Bg5 Nc6 5. e4 h6 6. Bxf6 Qxf6 7. e5 Qf5 8. Bd3
Qf4 9. a3 Bxc3+ 10. bxc3 d6 11. g3 Qg5 12. f4 Qd8 13. Rb1 O-O 14. Qh5 dxe5 15.
fxe5 f6 16. Be4 fxe5 17. Bxc6 exd4 18. Be4 dxc3 19. Nf3 Qf6 20. O-O c6 21. Rbc1
Bd7 22. Ne5 Qe7 23. Qg6 Rf5 24. Bxf5 exf5 25. Nxd7 Qxd7 26. Kh1 Rf8 27. Rxc3
Rf6 28. Qh5 Qd4 29. Qe8+ Kh7 30. Qe3 Qb6 31. Qe5 Qb2 32. Re3 Qc2 33. Qf4 Rf7
34. Re5 g5 35. Qd4 Kg6 36. Re6+ Kh7 37. Qd6 f4 38. gxf4 g4 39. Rxh6+ Kg7 40.
Qe6 Qd3 41. Kg2 b5 42. Rh4 Qd2+ 43. Rf2 Qxf2+ 44. Kxf2 Rxf4+ 45. Kg3 Rxc4 46.
Qf5 Rc3+ 47. Kg2 Rc2+ 48. Kf1 Rc1+ 49. Ke2 Re1+ 50. Kxe1 b4 51. Rh7+ Kg8 52.
Qf7# {occam checkmated} 1-0

[Event "ICS Rated blitz match"]
[Site "204.178.125.65"]
[Date "1999.07.26"]
[Round "?"]
[White "Hossa"]
[Black "topolino"]
[Result "0-1"]
[WhiteElo "2478"]
[BlackElo "2616"]
[PlyCount "101"]
[EventDate "1999.??.??"]

1. d4 e6 2. e4 d5 3. exd5 exd5 4. c4 Nf6 5. Nc3 Bb4 6. Nf3 O-O 7. Be2 dxc4 8.
Bxc4 Re8+ 9. Be3 Bxc3+ 10. bxc3 Ng4 11. O-O Nxe3 12. fxe3 Be6 13. Bd3 b6 14.
Qc2 h6 15. Ne5 Nd7 16. Bh7+ Kh8 17. Nxf7+ Bxf7 18. Rxf7 Qg5 19. Qf2 Rf8 20. Re1
Qa5 21. Bg6 Qxc3 22. e4 Rxf7 23. Bxf7 c5 24. dxc5 Rf8 25. Re2 Ne5 26. cxb6 axb6
27. h3 Rxf7 28. Qe1 Qd4+ 29. Kh2 Rf4 30. Qc1 Rf8 31. Qe1 Nd3 32. Rd2 Nxe1 33.
Rxd4 Rf2 34. Kg1 Rxa2 35. Rd6 Nxg2 36. Rxb6 Nf4 37. h4 Kh7 38. Rb4 Kg6 39. Kh1
Kh5 40. Rb7 g6 41. Rf7 Kg4 42. Rd7 Ne2 43. Rd3 Ng3+ 44. Kg1 Kh3 45. Rxg3+ Kxg3
46. Kf1 Kxh4 47. Ke1 Kg5 48. Kf1 Kf4 49. e5 Kxe5 50. Ke1 g5 51. Kd1 {
Hossa resigns} 0-1

[Event "ICS Rated blitz match"]
[Site "204.178.125.65"]
[Date "1999.07.26"]
[Round "?"]
[White "BardGaijin"]
[Black "Hossa"]
[Result "0-1"]
[WhiteElo "2341"]
[BlackElo "2468"]
[PlyCount "140"]
[EventDate "1999.??.??"]

1. e4 Nf6 2. e5 Nd5 3. d4 d6 4. Bc4 Nb6 5. Bb3 a5 6. e6 fxe6 7. a4 d5 8. Nf3
N8d7 9. O-O Nf6 10. Ne5 Nbd7 11. Bf4 c6 12. c3 Nxe5 13. Bxe5 b6 14. Nd2 Nd7 15.
Bg3 c5 16. Re1 Nf6 17. Bc2 Bd7 18. Nf3 Rc8 19. Ng5 cxd4 20. Nxh7 Kf7 21. Ng5+
Kg8 22. cxd4 Rh5 23. h4 Qe8 24. Nxe6 Qf7 25. Ng5 Qe8 26. Bb3 e6 27. Qd3 Bb4 28.
Re2 b5 29. Qd1 bxa4 30. Bxa4 Bxa4 31. Rxa4 Rc6 32. Ra1 Qc8 33. Nf3 Rf5 34. Ne5
Rb6 35. Rc2 Qb7 36. Rac1 Bd6 37. Rc8+ Kh7 38. Qd3 Ne4 39. R8c2 Rb3 40. Qe2 Nxg3
41. fxg3 Bxe5 42. dxe5 Qb6+ 43. Kh2 Re3 44. Qd2 Rexe5 45. Rc6 Qf2 46. Qxf2 Rxf2
47. R6c2 Rxc2 48. Rxc2 d4 49. g4 Rd5 50. Rd2 e5 51. Kg3 e4 52. Kf4 e3 53. Rd1
e2 54. Re1 d3 55. Ke3 d2 56. Kxe2 dxe1=Q+ 57. Kxe1 Rd4 58. g3 Rxg4 59. Kf2 Rb4
60. Kf3 Rxb2 61. g4 a4 62. Kf4 a3 63. g5 a2 64. h5 a1=Q 65. g6+ Kh6 66. Kf5
Kxh5 67. Ke6 Rb6+ 68. Kf7 Qa7+ 69. Kg8 Kxg6 70. Kh8 70... Rb8# {
BardGaijin checkmated} 0-1

[Event "ICS Rated bullet match"]
[Site "204.178.125.65"]
[Date "1999.07.26"]
[Round "?"]
[White "Hossa"]
[Black "topolino"]
[Result "0-1"]
[WhiteElo "2349"]
[BlackElo "2732"]
[PlyCount "96"]
[EventDate "1999.??.??"]

1. d4 e6 2. e4 d5 3. exd5 exd5 4. c4 Nf6 5. Nc3 dxc4 6. Bxc4 Be7 7. Nge2 O-O 8.
O-O Nc6 9. Re1 Bf5 10. Bb5 Nb4 11. Ng3 Be6 12. Bg5 c6 13. Be2 Re8 14. a3 Nbd5
15. Bh5 Nxc3 16. bxc3 Qa5 17. Rxe6 fxe6 18. Bxf6 Bxf6 19. Bxe8 Rxe8 20. Qb3 Bh4
21. Re1 Bxg3 22. fxg3 Qb5 23. Qb4 Kf7 24. Rb1 Qxb4 25. axb4 e5 26. Rf1+ Kg6 27.
dxe5 Rxe5 28. Kf2 c5 29. Re1 Rxe1 30. Kxe1 Kf5 31. h3 cxb4 32. cxb4 Ke4 33. g4
Kd4 34. g5 Kc4 35. h4 Kxb4 36. h5 a5 37. Kd2 a4 38. Kc2 a3 39. h6 g6 40. Kc1
Kc3 41. Kb1 b5 42. Ka2 b4 43. g4 b3+ 44. Kxa3 b2 45. Ka2 Kc2 46. Ka3 b1=Q 47.
Ka4 Qb6 48. Ka3 48... Qa5# {Hossa checkmated} 0-1

[Event "ICS Rated blitz match"]
[Site "204.178.125.65"]
[Date "1999.07.26"]
[Round "?"]
[White "Hossa"]
[Black "Nicy"]
[Result "1-0"]
[WhiteElo "2466"]
[BlackElo "2088"]
[PlyCount "127"]
[EventDate "1999.??.??"]

1. d4 d5 2. c4 e6 3. Nc3 f5 4. Bf4 Nf6 5. Qa4+ c6 6. O-O-O Bd6 7. Bxd6 Qxd6 8.
g3 Nbd7 9. f4 Ne4 10. cxd5 exd5 11. Nh3 O-O 12. Rg1 Ndf6 13. a3 Be6 14. Ng5
Rfc8 15. Qb3 b6 16. e3 h6 17. Ncxe4 Nxe4 18. Nxe6 Qxe6 19. Ba6 Rc7 20. Qc2 Qd6
21. Kb1 Re8 22. Qe2 Ree7 23. Qh5 Qf6 24. Rg2 Kh7 25. Bd3 Nd6 26. Re2 g6 27. Qh3
Re8 28. Rde1 Rce7 29. g4 fxg4 30. Qxg4 Nf5 31. Qh3 Re6 32. Ka1 R8e7 33. a4 Re8
34. Ka2 R8e7 35. b4 Re8 36. a5 bxa5 37. bxa5 Rb8 38. Bxf5 Qxf5 39. Qxf5 gxf5
40. Ka3 Rb5 41. Ka4 Rb7 42. Rg1 Rbe7 43. Rg3 Re8 44. Rb2 R8e7 45. Rb8 Rxe3 46.
Rxe3 Rxe3 47. Rb7+ Kg6 48. Kb4 Re4 49. Kc5 Rxf4 50. Rxa7 Re4 51. Rc7 f4 52.
Rxc6+ Kg5 53. Kxd5 f3 54. Kxe4 f2 55. Rc5+ Kg4 56. Rf5 f1=Q 57. Rxf1 h5 58. Rf2
Kh4 59. d5 Kg5 60. Rf5+ Kg6 61. Rxh5 Kxh5 62. d6 Kg6 63. d7 Kf6 64. d8=Q+ {
Nicy resigns} 1-0

[Event "ICS Rated blitz match"]
[Site "204.178.125.65"]
[Date "1999.07.26"]
[Round "?"]
[White "Pheona"]
[Black "Hossa"]
[Result "1-0"]
[WhiteElo "2589"]
[BlackElo "2464"]
[PlyCount "94"]
[EventDate "1999.??.??"]

1. d4 d5 2. c4 e6 3. Nc3 Nf6 4. Bg5 Be7 5. Nf3 c6 6. e3 O-O 7. Bd3 Nbd7 8. O-O
Ng4 9. Bxe7 Qxe7 10. Qb1 f5 11. cxd5 cxd5 12. Rc1 Qf7 13. Rc2 Rb8 14. Qd1 e5
15. Nxd5 Kh8 16. Bc4 e4 17. Nd2 b5 18. Bb3 Qg6 19. h3 Ngf6 20. Nf4 Qh6 21. Ne6
Re8 22. Rac1 a6 23. Nc7 Rf8 24. Ne6 Re8 25. Rc7 a5 26. Nf4 Qh4 27. Bf7 Rf8 28.
Be6 Nb6 29. R7c5 Bxe6 30. Nxe6 Rfc8 31. Rxb5 Re8 32. Nc7 Nbd5 33. Nxe8 Rxb5 34.
Nd6 Rb8 35. Nxf5 Qg5 36. Nd6 Qg6 37. Qa4 Rxb2 38. N6xe4 Qe8 39. Qxe8+ Nxe8 40.
Rc8 Ndf6 41. Nxf6 gxf6 42. Rxe8+ Kg7 43. Ne4 Rxa2 44. Re7+ Kg6 45. Re6 a4 46.
Rxf6+ Kg7 47. Ra6 47... Ra1+ {Hossa resigns} 1-0

[Event "ICS rated bullet match"]
[Site "204.178.125.65"]
[Date "1999.07.26"]
[Round "?"]
[White "JSBach"]
[Black "Hossa"]
[Result "1/2-1/2"]
[WhiteElo "2021"]
[BlackElo "2346"]
[PlyCount "118"]
[EventDate "1999.??.??"]

1. d4 d5 2. Bg5 Nd7 3. Nf3 c5 4. Nc3 cxd4 5. Qxd4 f6 6. Bh4 Nb6 7. e4 e5 8. Qd3
d4 9. Nxe5 Be7 10. Qb5+ Kf8 11. Nf3 dxc3 12. bxc3 Qc7 13. Qa5 Qf4 14. Bd3 Bh3
15. Bg3 Qg4 16. O-O Kf7 17. Nd4 Bxg2 18. Kxg2 Nh6 19. Rad1 Rhd8 20. h3 Qd7 21.
Nb5 f5 22. Nxa7 fxe4 23. Bxe4 Qa4 24. Qxa4 Nxa4 25. Rxd8 Bxd8 26. Nb5 Nc5 27.
Nd6+ Ke6 28. Bxb7 Rxa2 29. Re1+ Kd7 30. Rd1 Be7 31. Nf7+ Ke8 32. Bc6+ Kf8 33.
Nxh6 gxh6 34. Rd2 Ra6 35. Bd5 Bf6 36. Bc4 Ra3 37. Bd6+ Be7 38. Be5 Ne4 39. Rd3
Ra5 40. f4 Bf6 41. Bxf6 Nxf6 42. Be6 Ra1 43. h4 Rc1 44. Rd2 Ne4 45. Re2 Nxc3
46. Rd2 Ne4 47. Re2 Nc3 48. Rf2 Ne4 49. Rf3 Rxc2+ 50. Kh3 h5 51. Bf5 Nf2+ 52.
Kh2 Ne4+ 53. Kg1 Rc1+ 54. Kg2 Rc2+ 55. Kh1 Rc1+ 56. Kh2 Rc2+ 57. Kh3 Nf2+ 58.
Kg3 Nh1+ 59. Kh3 59... Nf2+ {Game drawn by repetition} 1/2-1/2

[Event "ICS Rated blitz match"]
[Site "204.178.125.65"]
[Date "1999.07.26"]
[Round "?"]
[White "Hossa"]
[Black "counterplay"]
[Result "0-1"]
[WhiteElo "2424"]
[BlackElo "2763"]
[PlyCount "80"]
[EventDate "1999.??.??"]

1. d4 Nf6 2. c4 e6 3. Nc3 Bb4 4. Bg5 h6 5. Bh4 c5 6. d5 Bxc3+ 7. bxc3 d6 8. Nf3
e5 9. Nd2 Nbd7 10. Qc2 g5 11. Bg3 Nh5 12. e4 Nxg3 13. fxg3 Qf6 14. Be2 h5 15.
Rf1 Qe7 16. Kf2 h4 17. gxh4 gxh4 18. Kg1 Nf6 19. Nf3 Bd7 20. Rab1 O-O-O 21. Qb2
b6 22. Qa3 Kb8 23. Bd3 Nh5 24. Qa6 Bc8 25. Qb5 f5 26. exf5 Nf4 27. Ne1 Rhf8 28.
a4 Nxd3 29. Nxd3 Bxf5 30. Rbd1 Bd7 31. Qa6 Qg5 32. Rxf8 Rxf8 33. Rf1 Qe3+ 34.
Nf2 h3 35. Qb7+ Kxb7 36. a5 hxg2 37. a6+ Kc7 38. Kxg2 Qf3+ 39. Kg1 Rg8+ 40. Ng4
40... Rxg4# {Hossa checkmated} 0-1

[Event "ICS rated blitz match"]
[Site "204.178.125.65"]
[Date "1999.07.26"]
[Round "?"]
[White "knightmare51"]
[Black "Hossa"]
[Result "0-1"]
[WhiteElo "2140"]
[BlackElo "2420"]
[PlyCount "52"]
[EventDate "1999.??.??"]

1. e4 Nf6 2. d3 e5 3. Nc3 Nc6 4. g3 d5 5. exd5 Nxd5 6. Bg2 Be6 7. Nge2 Bb4 8.
O-O Qd7 9. f4 Nxc3 10. bxc3 Bxc3 11. Nxc3 Qd4+ 12. Kh1 Qxc3 13. Rb1 Rb8 14. Bb2
Qa5 15. fxe5 Bd5 16. Bxd5 Qxd5+ 17. Qf3 Qxa2 18. e6 O-O 19. Qg4 f6 20. Bxf6
Rxf6 21. Rxf6 Qxb1+ 22. Kg2 Ne5 23. Qg5 Qxc2+ 24. Kh3 Qxd3 25. e7 Qd7+ 26. Kg2
26... Qxe7 {knightmare51 resigns} 0-1

[Event "ICS Rated blitz match"]
[Site "204.178.125.65"]
[Date "1999.07.26"]
[Round "?"]
[White "topolino"]
[Black "Hossa"]
[Result "1-0"]
[WhiteElo "2638"]
[BlackElo "2425"]
[PlyCount "126"]
[EventDate "1999.??.??"]

1. d4 d5 2. c4 e6 3. Nc3 Nf6 4. Bg5 Be7 5. e3 h6 6. Bh4 O-O 7. Nf3 Nbd7 8. Be2
Nb6 9. c5 Nbd7 10. Qc2 c6 11. O-O b6 12. b4 Qe8 13. Bg3 a5 14. cxb6 axb4 15.
Na4 Bb7 16. Ne5 Nxe5 17. Bxe5 Ne4 18. f3 f6 19. Bf4 Nd2 20. Qxd2 Rxa4 21. Rfc1
e5 22. dxe5 fxe5 23. Bxe5 Ra3 24. Bd4 Bd6 25. Rc2 Qh5 26. f4 Qe8 27. Rac1 Ra4
28. Bf3 Ra6 29. Kh1 Ra3 30. Kg1 Kh8 31. g3 Kg8 32. Bg2 b3 33. axb3 Rxb3 34. Ra2
Rf7 35. Ra7 Bb8 36. Ra5 Bd6 37. Ra7 Bb8 38. Ra2 Bd6 39. Rac2 Rf5 40. Ra1 Qe7
41. Rca2 Rf7 42. Ra7 Bb8 43. R7a5 Qe6 44. Kh1 Bd6 45. Qc2 Rb4 46. R5a4 Rxa4 47.
Rxa4 Re7 48. Ra7 Bb8 49. Ra3 Bd6 50. Bc5 Bxc5 51. Qxc5 Rf7 52. Ra7 Re7 53. Kg1
Kh8 54. Bh3 Qf7 55. Bc8 Kh7 56. Qd6 g6 57. Bxb7 Kh8 58. Ba6 Re6 59. b7 Rxd6 60.
b8=Q+ Qg8 61. Qxd6 Qg7 62. Rxg7 Kxg7 63. Qe7+ 63... Kh8 {Hossa resigns} 1-0

[Event "ICS Rated blitz match"]
[Site "204.178.125.65"]
[Date "1999.07.26"]
[Round "?"]
[White "Hossa"]
[Black "TDChess"]
[Result "0-1"]
[WhiteElo "2418"]
[BlackElo "2463"]
[PlyCount "142"]
[EventDate "1999.??.??"]

1. d4 e6 2. e4 d5 3. exd5 exd5 4. c4 Nc6 5. Be3 Bb4+ 6. Nc3 Nf6 7. a3 Bxc3+ 8.
bxc3 O-O 9. Bd3 dxc4 10. Bxc4 Nd5 11. Bd2 Nb6 12. Be2 Qe7 13. Nf3 Re8 14. Rg1
Qd6 15. Kf1 Nd5 16. Qb1 Nf4 17. Bxf4 Qxf4 18. Bd3 Qh6 19. Qb5 a6 20. Qg5 Qxg5
21. Nxg5 h6 22. Ne4 Na5 23. Re1 Bf5 24. f3 Re6 25. Kf2 Rc6 26. Re3 Rd8 27. Rge1
Bg6 28. Bf1 Bxe4 29. fxe4 Rb6 30. Rf3 Rb3 31. Ra1 c5 32. d5 Re8 33. c4 Rb2+ 34.
Ke3 Rc2 35. a4 b6 36. Rf4 f6 37. g3 Rxh2 38. Be2 Nb3 39. Rb1 Nd4 40. Bd3 Rg2
41. g4 Rg3+ 42. Kd2 Nf3+ 43. Kc2 Ne5 44. Rb3 Rg2+ 45. Kc3 a5 46. Rf5 Nxd3 47.
Kxd3 Rg3+ 48. Kc2 Rxg4 49. Re3 Rgxe4 50. Rxe4 Rxe4 51. Kd3 Re1 52. Kd2 Ra1 53.
d6 Kf7 54. Rd5 Ke8 55. d7+ Kd8 56. Rd6 Rxa4 57. Kd3 Rb4 58. Kc3 a4 59. Rd2 Rb3+
60. Kc2 h5 61. Rg2 g5 62. Rh2 h4 63. Rf2 Rb4 64. Kc3 g4 65. Rg2 g3 66. Re2 h3
67. Re8+ Kxd7 68. Rf8 g2 69. Rf7+ Ke6 70. Rg7 h2 71. Rxg2 71... h1=Q {
Hossa resigns} 0-1

[Event "ICS rated blitz match"]
[Site "204.178.125.65"]
[Date "1999.07.26"]
[Round "?"]
[White "Hossa"]
[Black "Zavros"]
[Result "1-0"]
[WhiteElo "2383"]
[BlackElo "2210"]
[PlyCount "125"]
[EventDate "1999.??.??"]

1. d4 g6 2. c4 Bg7 3. e4 d6 4. Nc3 Nf6 5. f3 O-O 6. Bg5 h6 7. Be3 e5 8. Nge2
Nc6 9. d5 Ne7 10. Qd2 Kh7 11. O-O-O Bd7 12. g3 a6 13. Bg2 b5 14. c5 dxc5 15.
Bxc5 Re8 16. Qc2 Nc8 17. Rdf1 Nd6 18. f4 Nb7 19. Bg1 b4 20. fxe5 bxc3 21. exf6
Bxf6 22. Nxc3 Kg7 23. Qd3 Bb5 24. Nxb5 axb5 25. Rxf6 Qxf6 26. Bd4 Re5 27. Qxb5
Nd6 28. Qf1 Qg5+ 29. Qf4 Rae8 30. Qxg5 hxg5 31. Kd2 f6 32. Bxe5 Rxe5 33. Rc1
Ne8 34. h3 f5 35. Kc3 fxe4 36. Kd4 Rf5 37. Bxe4 Rf2 38. Rc6 Rxb2 39. Rxg6+ Kf7
40. Rxg5 Rd2+ 41. Bd3 Rd1 42. Rf5+ Ke7 43. Re5+ Kf7 44. a4 Nd6 45. a5 Ra1 46.
a6 Ra4+ 47. Kc5 Ra5+ 48. Kc6 Ne8 49. Kb7 Nd6+ 50. Kxc7 Ne8+ 51. Kb8 Ra1 52. a7
Ra2 53. a8=Q Rxa8+ 54. Kxa8 Nc7+ 55. Kb7 Ne8 56. Bg6+ Kf6 57. Rxe8 Kg5 58. d6
Kxg6 59. d7 Kf6 60. d8=Q+ Kf7 61. Qe7+ Kg6 62. Rg8+ Kh6 63. Qh4# {
Zavros checkmated} 1-0